Statistics for Wildcats 1 minute

Click here to take the quiz!

General Stats

  • This quiz has been taken 10 times
  • The average score is 7 of 15

Answer Stats

Answer% Correct
Lion
100%
Tiger
100%
Leopard
86%
Lynx
71%
Puma
71%
Bobcat
57%
Cheetah
57%
Jaguar
57%
Ocelot
43%
African Margay cat
14%
African Wild cat
14%
Cougar cat
14%
Florida Panther cat
14%
Margay cat
14%
Caracal cat
0%

Score Distribution

Percentile by Number Answered

Percent of People with Each Score

Your Score History

You have not taken this quiz